[Event "FRA Cup"]
[Site "Poitiers"]
[Date "2025.06.29"]
[Round "2.4"]
[White "Gozzoli, Yannick"]
[Black "Tregubov, Pavel V"]
[Result "0-1"]
[WhiteElo "2570"]
[BlackElo "2550"]
[PlyCount "82"]
[EventDate "2025.06.28"]
[EventType "team-k.o."]
[EventRounds "2"]
[EventCountry "FRA"]
[SourceTitle "CB27_2025"]
[SourceDate "2025.07.02"]
[SourceVersion "1"]
[SourceVersionDate "2025.07.02"]
[SourceQuality "1"]
[WhiteTeam "Aix en Provence"]
[BlackTeam "Asnieres"]
[WhiteTeamCountry "FRA"]
[BlackTeamCountry "FRA"]

1. d4 d5 2. c4 c6 3. Nf3 Nf6 4. Nc3 dxc4 5. e4 b5 6. Be2 Bg4 7. 0-0 e6 8. a4 b4 9. e5 Nd5 10. Ne4 c3 11. Ng3 Be7 12. h3 Bxf3 13. Bxf3 0-0 14. Ne2 cxb2 15. Bxb2 Nd7 16. a5 c5 17. Bxd5 exd5 18. Nf4 c4 19. Nxd5 Nb8 20. Qf3 Nc6 21. Rad1 Rc8 22. Rfe1 Bg5 23. h4 Bh6 24. Qe4 Re8 25. g4 c3 26. Bxc3 bxc3 27. g5 Bxg5 28. hxg5 Qxg5+ 29. Kf1 Nxa5 30. f4 Qg4 31. Kf2 Qh4+ 32. Kg2 c2 33. Rc1 Nb3 34. Rh1 Qg4+ 35. Kf2 Qg6 36. f5 Qg5 37. f6 Qd2+ 38. Kg3 Qg5+ 39. Kf2 Qd2+ 40. Kg3 g6 41. Qf4 Qxd4 0-1

[Event "FRA-chT Top 16 Haute"]
[Site "Belfort"]
[Date "2025.06.01"]
[Round "4.5"]
[White "Bauer, Christian"]
[Black "Tregubov, Pavel V"]
[Result "0-1"]
[WhiteElo "2561"]
[BlackElo "2548"]
[PlyCount "82"]
[EventDate "2025.05.29"]
[EventType "team-tourn"]
[EventRounds "4"]
[EventCountry "FRA"]
[SourceTitle "CB23_2025"]
[SourceDate "2025.06.04"]
[SourceVersion "1"]
[SourceVersionDate "2025.06.04"]
[SourceQuality "1"]
[WhiteTeam "Chartres"]
[BlackTeam "Asnieres"]
[WhiteTeamCountry "FRA"]
[BlackTeamCountry "FRA"]

1. e4 e5 2. Nf3 Nf6 3. Nc3 Nc6 4. Bb5 Nd4 5. 0-0 Nxb5 6. Nxb5 c6 7. Nc3 d6 8. d4 Qc7 9. Bg5 Be7 10. a4 Bg4 11. h3 Bxf3 12. Qxf3 exd4 13. Ne2 0-0 14. Nxd4 Nxe4 15. Bf4 Nc5 16. Nf5 Rfd8 17. Rad1 Bf8 18. Rfe1 Ne6 19. Bg3 g6 20. Ne3 Qe7 21. Ng4 Bg7 22. Qa3 h5 23. Nh2 Qf6 24. c3 d5 25. Nf3 Re8 26. Qb4 b6 27. a5 Bf8 28. Qa4 Nc5 29. Rxe8 Rxe8 30. Qd4 Qxd4 31. Nxd4 Rc8 32. axb6 axb6 33. Ra1 Nd3 34. b3 Nc5 35. f3 Bg7 36. Ra3 b5 37. Kf1 Bxd4 38. cxd4 b4 39. Ra7 Nxb3 40. Be5 Nd2+ 41. Ke2 Nc4 0-1

[Event "FRA-chT Top 16 Haute"]
[Site "Belfort"]
[Date "2025.05.31"]
[Round "3.6"]
[White "Rakotomaharo, Fy Antenaina"]
[Black "Tregubov, Pavel V"]
[Result "0-1"]
[WhiteElo "2441"]
[BlackElo "2548"]
[PlyCount "86"]
[EventDate "2025.05.29"]
[EventType "team-tourn"]
[EventRounds "4"]
[EventCountry "FRA"]
[SourceTitle "CB23_2025"]
[SourceDate "2025.06.04"]
[SourceVersion "1"]
[SourceVersionDate "2025.06.04"]
[SourceQuality "1"]
[WhiteTeam "Mulhouse Philidor"]
[BlackTeam "Asnieres"]
[WhiteTeamCountry "FRA"]
[BlackTeamCountry "FRA"]

1. e4 e5 2. Nf3 Nf6 3. Nxe5 d6 4. Nf3 Nxe4 5. Bd3 d5 6. 0-0 Be7 7. Re1 Nd6 8. Nc3 c6 9. Qe2 Nd7 10. b4 Nf8 11. Nd4 Ne6 12. Nxe6 Bxe6 13. Qh5 g6 14. Bxg6 fxg6 15. Qe5 0-0 16. Qxe6+ Rf7 17. Nd1 Qf8 18. Bb2 Re8 19. Qh3 Nc4 20. Qe6 Nd6 21. Qh3 Bf6 22. Rf1 Ne4 23. Bxf6 Rxf6 24. Ne3 Nxf2 25. Qg3 Ne4 26. Qh4 Rxf1+ 27. Rxf1 Qxb4 28. d3 Qc5 29. Qf4 Nf6 30. Rf3 Qe7 31. Qd4 a6 32. h3 Rf8 33. Qb2 Rf7 34. a4 h5 35. Qd4 Nd7 36. Rxf7 Kxf7 37. Kh1 Qe5 38. Qa7 Ke7 39. c4 Qa1+ 40. Kh2 Qe5+ 41. Kh1 b6 42. Nf1 Qe2 43. Kg1 dxc4 0-1

[Event "FRA-chT Top 16 GpB"]
[Site "Belfort"]
[Date "2025.05.27"]
[Round "6.21"]
[White "Tregubov, Pavel V"]
[Black "Demuth, Adrien"]
[Result "1/2-1/2"]
[WhiteElo "2548"]
[BlackElo "2524"]
[PlyCount "97"]
[EventDate "2025.05.22"]
[EventType "team-tourn"]
[EventRounds "7"]
[EventCountry "FRA"]
[SourceTitle "CB22_2025"]
[SourceDate "2025.05.28"]
[SourceVersion "1"]
[SourceVersionDate "2025.05.28"]
[SourceQuality "1"]
[WhiteTeam "Asnieres"]
[BlackTeam "Grasse Echecs"]
[WhiteTeamCountry "FRA"]
[BlackTeamCountry "FRA"]

1. d4 d6 2. e4 Nf6 3. Nc3 Nc6 4. Nf3 g6 5. Be2 Bg7 6. 0-0 0-0 7. d5 Nb8 8. Re1 c6 9. a4 Nbd7 10. Bf1 Nc5 11. Nd4 e5 12. dxe6 Nxe6 13. Nb3 d5 14. exd5 Nxd5 15. Nxd5 cxd5 16. c3 d4 17. cxd4 Nxd4 18. Be3 Nc6 19. Nc5 b6 20. Qf3 Qf6 21. Qxf6 Bxf6 22. Bb5 Na5 23. Nd7 Bxd7 24. Bxd7 Bxb2 25. Rab1 Rfd8 26. Red1 Be5 27. Rbc1 Nb3 28. Rc4 Nc5 29. Bxc5 bxc5 30. Rxc5 Rab8 31. g3 Rb7 32. Rxe5 Rdxd7 33. Rxd7 Rxd7 34. Ra5 h5 35. h4 Kg7 36. Ra6 Rc7 37. Kg2 Rb7 38. a5 Rc7 39. Kf3 Re7 40. Kf4 Re2 41. f3 Re7 42. g4 hxg4 43. fxg4 Rb7 44. h5 Rb4+ 45. Kg3 gxh5 46. gxh5 Rb5 47. h6+ Kh7 48. Kf4 f6 49. Rxa7+ 1/2-1/2

[Event "FRA-chT Top 16 GpB"]
[Site "Belfort"]
[Date "2025.05.25"]
[Round "4.6"]
[White "Hamitevici, Vladimir"]
[Black "Tregubov, Pavel V"]
[Result "1-0"]
[WhiteElo "2423"]
[BlackElo "2548"]
[PlyCount "99"]
[EventDate "2025.05.22"]
[EventType "team-tourn"]
[EventRounds "7"]
[EventCountry "FRA"]
[SourceTitle "CB22_2025"]
[SourceDate "2025.05.28"]
[SourceVersion "1"]
[SourceVersionDate "2025.05.28"]
[SourceQuality "1"]
[WhiteTeam "Vandoeuvre"]
[BlackTeam "Asnieres"]
[WhiteTeamCountry "FRA"]
[BlackTeamCountry "FRA"]

1. e4 e6 2. Nf3 d5 3. e5 c5 4. c3 Nc6 5. d4 Bd7 6. Be2 Rc8 7. 0-0 a6 8. Na3 cxd4 9. cxd4 Qb6 10. Nc2 Na7 11. Nce1 Ne7 12. Kh1 Bb5 13. Nd3 Nac6 14. Be3 Nf5 15. Rc1 Be7 16. g4 Nxe3 17. fxe3 0-0 18. h4 Nb4 19. Rxc8 Rxc8 20. Nxb4 Bxe2 21. Qxe2 Qxb4 22. Qf2 Qa4 23. b3 Qe8 24. g5 Rc7 25. Nh2 Ba3 26. Ng4 Qb5 27. Kg2 Qd3 28. Kg3 Qg6 29. Qf3 Kf8 30. Nf2 Bc1 31. Nh3 Kg8 32. Nf4 Qf5 33. Qh1 Qe4 34. Qxe4 dxe4 35. Ng2 Rc3 36. Kf4 Rc2 37. Kxe4 Ba3 38. Nf4 Rxa2 39. h5 g6 40. h6 Rc2 41. d5 Be7 42. dxe6 fxe6 43. Nxe6 Rc3 44. Rd1 Kf7 45. Nf4 Ke8 46. Nd5 Rxb3 47. Nc7+ Kf8 48. Rf1+ Kg8 49. Nd5 Bxg5 50. e6 1-0

[Event "FRA-chT Top 16 GpB"]
[Site "Belfort"]
[Date "2025.05.24"]
[Round "3.5"]
[White "Cheparinov, Ivan"]
[Black "Tregubov, Pavel V"]
[Result "0-1"]
[WhiteElo "2641"]
[BlackElo "2548"]
[PlyCount "64"]
[EventDate "2025.05.22"]
[EventType "team-tourn"]
[EventRounds "7"]
[EventCountry "FRA"]
[SourceTitle "CB22_2025"]
[SourceDate "2025.05.28"]
[SourceVersion "1"]
[SourceVersionDate "2025.05.28"]
[SourceQuality "1"]
[WhiteTeam "Aix En Provence"]
[BlackTeam "Asnieres"]
[WhiteTeamCountry "FRA"]
[BlackTeamCountry "FRA"]

1. e4 e6 2. d4 d5 3. e5 c5 4. c3 Nc6 5. Nf3 Bd7 6. Be2 Rc8 7. 0-0 a6 8. h3 cxd4 9. cxd4 Nge7 10. Nc3 Nf5 11. Kh1 Qb6 12. Na4 Qa7 13. Be3 b5 14. Nc3 b4 15. Na4 Na5 16. b3 Bxa4 17. bxa4 Be7 18. Bf4 Nc4 19. Rc1 0-0 20. g4 Nh4 21. Nxh4 Bxh4 22. g5 h6 23. gxh6 g6 24. Qd3 Kh7 25. Be3 a5 26. Qb3 Nxe3 27. fxe3 Kxh6 28. Qd3 Kg7 29. Bg4 Bg5 30. Rg1 Qd7 31. Qb3 Rxc1 32. Rxc1 Rc8 0-1

[Event "Chess.com Classic Play In"]
[Site "Chess.com INT"]
[Date "2025.05.19"]
[Round "3"]
[White "Tregubov, Pavel V"]
[Black "Vakhidov, Jahongir"]
[Result "0-1"]
[WhiteElo "2548"]
[BlackElo "2546"]
[PlyCount "96"]
[EventDate "2025.05.19"]
[EventType "swiss (blitz)"]
[EventRounds "9"]
[EventCountry "USA"]
[SourceTitle "CB21_2025"]
[SourceDate "2025.05.21"]
[SourceVersion "1"]
[SourceVersionDate "2025.05.21"]
[SourceQuality "1"]

1. e4 c5 2. Nf3 g6 3. c3 d5 4. exd5 Qxd5 5. d4 Bg7 6. Nbd2 cxd4 7. Bc4 Qd8 8. cxd4 Nf6 9. 0-0 0-0 10. Re1 Nc6 11. Nb3 Bg4 12. Be3 Nd5 13. h3 Nxe3 14. fxe3 Bxf3 15. Qxf3 Rc8 16. Rad1 e6 17. Bf1 Qb6 18. Qf2 Rcd8 19. Kh1 Kh8 20. Rd2 Qc7 21. Rc1 Qe7 22. Bb5 Nb4 23. a3 Nd5 24. e4 Nc7 25. Bc4 Bh6 26. Rcd1 Bxd2 27. Rxd2 f5 28. Qf4 fxe4 29. Qxe4 Qg5 30. Qe1 b6 31. Re2 Qf4 32. Re4 Qf2 33. Qc1 Nd5 34. Re2 Qf1+ 35. Qxf1 Rxf1+ 36. Kh2 Rf6 37. Nd2 h6 38. Nf3 Kg7 39. h4 Nc7 40. Re4 b5 41. Be2 a6 42. Kg3 Ne8 43. Re3 Nd6 44. Kh2 Nf5 45. Re4 h5 46. a4 bxa4 47. Bxa6 Rb8 48. Bc4 Nd6 0-1

[Event "Titled Tuesday intern op 01st Apr Late"]
[Site "Chess.com INT"]
[Date "2025.04.01"]
[Round "6"]
[White "Bayo Milagro, Alvaro"]
[Black "Tregubov, Pavel V"]
[Result "0-1"]
[WhiteElo "2280"]
[BlackElo "2551"]
[PlyCount "80"]
[EventDate "2025.04.01"]
[EventType "swiss (blitz)"]
[EventRounds "11"]
[EventCountry "USA"]
[SourceTitle "CB21_2025"]
[SourceDate "2025.05.21"]
[SourceVersion "1"]
[SourceVersionDate "2025.05.21"]
[SourceQuality "1"]

1. e4 c5 2. Nf3 e6 3. d4 cxd4 4. Nxd4 Nf6 5. Nc3 Nc6 6. Ndb5 Bb4 7. a3 Bxc3+ 8. Nxc3 d5 9. exd5 exd5 10. Bd3 0-0 11. 0-0 d4 12. Ne2 Bg4 13. f3 Bh5 14. Nf4 Bg6 15. Nxg6 hxg6 16. f4 Ne7 17. Qf3 Qb6 18. b4 Nfd5 19. Bb2 Ne3 20. Rfe1 N7d5 21. Be4 Rad8 22. Bxd5 Nxd5 23. Rad1 Ne3 24. Rd2 Nc4 25. Bc1 d3+ 26. Rf2 d2 27. Bxd2 Rxd2 28. Kf1 Rfd8 29. g3 Qb5 30. Kg2 Rxf2+ 31. Kxf2 Nd2 32. Qe2 Qb6+ 33. Kg2 Qc6+ 34. Kh3 f5 35. Qe7 Qd7 36. Qc5 Kf7 37. Re5 Ne4 38. Qe3 Qd2 39. Qb3+ Kf8 40. Qe6 Qd6 0-1

[Event "Titled Tuesday intern op 01st Apr Late"]
[Site "Chess.com INT"]
[Date "2025.04.01"]
[Round "11"]
[White "Klukin, Kirill"]
[Black "Tregubov, Pavel V"]
[Result "1-0"]
[WhiteElo "2407"]
[BlackElo "2551"]
[PlyCount "87"]
[EventDate "2025.04.01"]
[EventType "swiss (blitz)"]
[EventRounds "11"]
[EventCountry "USA"]
[SourceTitle "CB15_2025"]
[SourceDate "2025.04.09"]
[SourceVersion "1"]
[SourceVersionDate "2025.04.09"]
[SourceQuality "1"]

1. d4 Nf6 2. Nf3 c5 3. e3 g6 4. Be2 Bg7 5. 0-0 0-0 6. dxc5 Na6 7. Nd4 Nxc5 8. b4 Ne6 9. Bb2 Nxd4 10. Bxd4 b6 11. Bf3 Rb8 12. Nd2 Bb7 13. Bxb7 Rxb7 14. c4 d6 15. Qe2 Qd7 16. h3 Rc8 17. Rfc1 Qa4 18. a3 Rbc7 19. Qd1 Qxd1+ 20. Rxd1 d5 21. cxd5 Nxd5 22. Ne4 Bxd4 23. Rxd4 Rc1+ 24. Rxc1 Rxc1+ 25. Kh2 e6 26. Nd6 Ra1 27. Rd3 Ra2 28. Kg3 f5 29. h4 Kf8 30. f3 a6 31. e4 Rxg2+ 32. Kxg2 Nf4+ 33. Kf2 Nxd3+ 34. Ke3 Ne5 35. Kf4 Nd7 36. Kg5 Ke7 37. Nc8+ Kd8 38. Nd6 Kc7 39. Nf7 Kc6 40. Kh6 fxe4 41. fxe4 Nf6 42. e5 Nd5 43. Kxh7 Nf4 44. Nh8 1-0

[Event "Titled Tuesday intern op 01st Apr Early"]
[Site "Chess.com INT"]
[Date "2025.04.01"]
[Round "6"]
[White "Kuznetsov, Mikhail V"]
[Black "Tregubov, Pavel V"]
[Result "1-0"]
[WhiteElo "2218"]
[BlackElo "2555"]
[PlyCount "91"]
[EventDate "2025.04.01"]
[EventType "swiss (blitz)"]
[EventRounds "11"]
[EventCountry "USA"]
[SourceTitle "CB15_2025"]
[SourceDate "2025.04.09"]
[SourceVersion "1"]
[SourceVersionDate "2025.04.09"]
[SourceQuality "1"]

1. e4 c5 2. c3 Nf6 3. e5 Nd5 4. d4 cxd4 5. Nf3 d6 6. cxd4 Nc6 7. Bc4 dxe5 8. dxe5 Ndb4 9. Qxd8+ Nxd8 10. Na3 Bg4 11. 0-0 Bxf3 12. gxf3 a6 13. Be3 e6 14. Rfd1 Ndc6 15. f4 Be7 16. Rd2 0-0 17. Rad1 b5 18. Bb3 Rfd8 19. Bb6 Rxd2 20. Rxd2 Rb8 21. Be3 Na5 22. Rd7 Nxb3 23. axb3 Nd5 24. Nc2 g6 25. Ra7 Rc8 26. Nd4 Bc5 27. Rxa6 Bxd4 28. Bxd4 Nxf4 29. Be3 Nd3 30. Rb6 Nxe5 31. Rxb5 Ng4 32. Bd4 Rd8 33. Bc3 f5 34. h3 Nh6 35. Rb7 Nf7 36. b4 e5 37. b5 Rd5 38. b6 Rb5 39. f4 Nd6 40. Rb8+ Kf7 41. Bxe5 Nc4 42. Bc7 Rxb2 43. b7 Kg7 44. Be5+ Nxe5 45. fxe5 f4 46. e6 1-0

[Event "Titled Tuesday intern op 01st Apr Late"]
[Site "Chess.com INT"]
[Date "2025.04.01"]
[Round "8"]
[White "Leinov, Roman"]
[Black "Tregubov, Pavel V"]
[Result "1-0"]
[WhiteElo "2120"]
[BlackElo "2551"]
[PlyCount "125"]
[EventDate "2025.04.01"]
[EventType "swiss (blitz)"]
[EventRounds "11"]
[EventCountry "USA"]
[SourceTitle "CB21_2025"]
[SourceDate "2025.05.21"]
[SourceVersion "1"]
[SourceVersionDate "2025.05.21"]
[SourceQuality "1"]

1. Nf3 Nf6 2. g3 d5 3. Bg2 c5 4. 0-0 Nc6 5. d4 cxd4 6. Nxd4 e5 7. Nxc6 bxc6 8. c4 Be6 9. Nc3 Rc8 10. cxd5 cxd5 11. Bg5 d4 12. Ne4 Be7 13. Nxf6+ Bxf6 14. Bxf6 gxf6 15. Rc1 0-0 16. Rxc8 Qxc8 17. Qa4 Qc4 18. Qxa7 Qxe2 19. b3 d3 20. Qe7 Kg7 21. Qb7 d2 22. Bf3 Qd3 23. Rd1 Rc8 24. h4 Rc1 25. Kh2 Rxd1 26. Bxd1 Bd5 27. Qd7 Qe4 28. Qg4+ Qxg4 29. Bxg4 f5 30. Bd1 Kf6 31. Kg1 Be4 32. f4 Ke6 33. Kf2 Kd5 34. Ke3 f6 35. Kxd2 Kd4 36. a4 Bb7 37. Bc2 e4 38. a5 Ba6 39. Bd1 e3+ 40. Ke1 Kc3 41. Be2 Bc8 42. Bc4 Kb4 43. Ke2 Kxa5 44. Kxe3 Kb6 45. Kd4 Kc6 46. Bd5+ Kd6 47. b4 Ba6 48. Bc4 Bb7 49. b5 h6 50. Bd3 Bc8 51. Be2 Bd7 52. Bf3 Bc8 53. b6 Ba6 54. b7 Kc7 55. Kc5 Bf1 56. Kb4 Bd3 57. Kc5 Be4 58. Bxe4 fxe4 59. Kd4 f5 60. g4 fxg4 61. f5 g3 62. Ke3 Kxb7 63. f6 1-0

[Event "Titled Tuesday intern op 01st Apr Early"]
[Site "Chess.com INT"]
[Date "2025.04.01"]
[Round "9"]
[White "Tregubov, Pavel V"]
[Black "Shahinyan, Vladimir"]
[Result "1-0"]
[WhiteElo "2555"]
[BlackElo "2278"]
[PlyCount "63"]
[EventDate "2025.04.01"]
[EventType "swiss (blitz)"]
[EventRounds "11"]
[EventCountry "USA"]
[SourceTitle "CB15_2025"]
[SourceDate "2025.04.09"]
[SourceVersion "1"]
[SourceVersionDate "2025.04.09"]
[SourceQuality "1"]

1. e4 g6 2. d4 Bg7 3. Nf3 d6 4. Nc3 Nf6 5. Be2 0-0 6. 0-0 e5 7. dxe5 dxe5 8. Qxd8 Rxd8 9. Nxe5 Nxe4 10. Nxf7 Nxc3 11. Bc4 Ne2+ 12. Kh1 Rd4 13. Bb3 Nxc1 14. Raxc1 Kf8 15. Ng5 Bh6 16. f4 Nc6 17. Nxh7+ Kg7 18. Ng5 Bxg5 19. fxg5 Bf5 20. h3 Na5 21. g4 Nxb3 22. cxb3 Be4+ 23. Kg1 Bc6 24. Rce1 Re8 25. Rxe8 Bxe8 26. Re1 Kf7 27. Rf1+ Ke7 28. Re1+ Kd7 29. Rf1 Ke7 30. Re1+ Kd6 31. Rxe8 Rd2 32. Rd8+ 1-0

[Event "Titled Tuesday intern op 25th Mar Early"]
[Site "Chess.com INT"]
[Date "2025.03.25"]
[Round "10"]
[White "Gabrielian, Artur"]
[Black "Tregubov, Pavel V"]
[Result "1/2-1/2"]
[WhiteElo "2419"]
[BlackElo "2555"]
[PlyCount "119"]
[EventDate "2025.03.25"]
[EventType "swiss (blitz)"]
[EventRounds "11"]
[EventCountry "USA"]
[SourceTitle "CB14_2025"]
[SourceDate "2024.11.01"]
[SourceVersion "1"]
[SourceVersionDate "2024.11.01"]
[SourceQuality "1"]

1. e4 c5 2. Nf3 e6 3. d4 cxd4 4. Nxd4 Nf6 5. Nc3 Nc6 6. Ndb5 Bb4 7. a3 Bxc3+ 8. Nxc3 d5 9. Bd3 dxe4 10. Nxe4 Nxe4 11. Bxe4 Qxd1+ 12. Kxd1 Bd7 13. Re1 0-0-0 14. a4 Nb4 15. Bd2 Bc6 16. Kc1 Rd4 17. Bxc6 Nxc6 18. Be3 Rd5 19. c3 Rhd8 20. Kc2 Ne5 21. h3 Nc4 22. Bc1 h5 23. b3 Nd6 24. Be3 b6 25. c4 Rf5 26. Red1 Re5 27. a5 bxa5 28. Bf4 Re2+ 29. Rd2 Rxd2+ 30. Bxd2 Nb7 31. Bxa5 Rd4 32. Bc3 Re4 33. Kd1 Nc5 34. Rxa7 Nxb3 35. Rxf7 g5 36. Rh7 Rxc4 37. Bf6 Rf4 38. Bxg5 Rxf2 39. g3 Nc5 40. Ke1 Ne4 41. Bf4 Rg2 42. Rg7 Rh2 43. h4 Nc3 44. Kf1 Nd5 45. Be5 Ne3+ 46. Kg1 Re2 47. Bf4 Ng4 48. Rg5 e5 49. Rg8+ Kd7 50. Bg5 Ke6 51. Kf1 Rf2+ 52. Ke1 Ra2 53. Rd8 Kf5 54. Rd2 Rxd2 55. Kxd2 Ke4 56. Ke2 Nh2 57. Bf6 Ng4 58. Bg5 Nh2 59. Bf6 Ng4 60. Bg5 1/2-1/2

[Event "Titled Tuesday intern op 25th Mar Early"]
[Site "Chess.com INT"]
[Date "2025.03.25"]
[Round "4"]
[White "Iniyan, Panneerseluam"]
[Black "Tregubov, Pavel V"]
[Result "1-0"]
[WhiteElo "2567"]
[BlackElo "2555"]
[PlyCount "43"]
[EventDate "2025.03.25"]
[EventType "swiss (blitz)"]
[EventRounds "11"]
[EventCountry "USA"]
[SourceTitle "CB14_2025"]
[SourceDate "2024.11.01"]
[SourceVersion "1"]
[SourceVersionDate "2024.11.01"]
[SourceQuality "1"]

1. c4 e5 2. b3 Nf6 3. Bb2 Nc6 4. Nf3 d6 5. e3 Be7 6. d4 exd4 7. Nxd4 Nxd4 8. Qxd4 0-0 9. Nc3 c6 10. 0-0-0 Qa5 11. Be2 Rd8 12. g4 Ne8 13. g5 Bf5 14. Rhg1 b5 15. cxb5 Rac8 16. b4 Qc7 17. bxc6 Qxc6 18. Bd3 Bxd3 19. Rxd3 d5 20. Kb1 Qg6 21. Ka1 Rc4 22. Nxd5 1-0

[Event "Titled Tuesday intern op 25th Mar Early"]
[Site "Chess.com INT"]
[Date "2025.03.25"]
[Round "6"]
[White "Ser, Daniel"]
[Black "Tregubov, Pavel V"]
[Result "0-1"]
[WhiteElo "2011"]
[BlackElo "2555"]
[PlyCount "142"]
[EventDate "2025.03.25"]
[EventType "swiss (blitz)"]
[EventRounds "11"]
[EventCountry "USA"]
[SourceTitle "CB14_2025"]
[SourceDate "2024.11.01"]
[SourceVersion "1"]
[SourceVersionDate "2024.11.01"]
[SourceQuality "1"]

1. d4 Nf6 2. Bf4 d5 3. e3 c5 4. Nf3 Nc6 5. Nbd2 cxd4 6. exd4 Bf5 7. Bb5 e6 8. c4 dxc4 9. Nxc4 Bb4+ 10. Bd2 Bxd2+ 11. Qxd2 Qd5 12. Qb4 Rd8 13. 0-0 a6 14. Bxc6+ Qxc6 15. Nfe5 Qc7 16. Rac1 Nd5 17. Qa4+ b5 18. Qxa6 bxc4 19. Rxc4 Qb6 20. Qa4+ Kf8 21. Nd7+ Rxd7 22. Qxd7 g6 23. Rc6 Qxd4 24. Rc7 Qf6 25. Rc8+ Kg7 26. Rxh8 Kxh8 27. b4 Kg7 28. b5 Qb2 29. a4 Qb4 30. Rc1 Qxa4 31. h3 Bd3 32. Rc8 Qxb5 33. Qd8 Qb1+ 34. Kh2 Qe1 35. Qf8+ Kf6 36. Qh8+ Kf5 37. Qg7 Qe5+ 38. Qxe5+ Kxe5 39. Rh8 h5 40. g3 Kf6 41. f4 Be4 42. Rb8 Ne3 43. Rb2 Nf5 44. Ra2 Bd5 45. Ra5 h4 46. g4 Ng3 47. Ra7 g5 48. fxg5+ Kxg5 49. Rxf7 Ne4 50. Rg7+ Kf4 51. Rh7 Nd2 52. Rf7+ Ke3 53. g5 Nf3+ 54. Rxf3+ Kxf3 55. g6 e5 56. g7 e4 57. Kg1 e3 58. Kh2 Be6 59. Kg1 e2 60. Kh2 e1Q 61. g8Q Qf2+ 62. Kh1 Qf1+ 63. Kh2 Qxh3+ 64. Kg1 Qg3+ 65. Qxg3+ hxg3 66. Kh1 Kg4 67. Kg1 Kh4 68. Kh1 Bd5+ 69. Kg1 Kh3 70. Kf1 Kh2 71. Ke1 g2 0-1

[Event "Titled Tuesday intern op 25th Mar Early"]
[Site "Chess.com INT"]
[Date "2025.03.25"]
[Round "1"]
[White "Tregubov, Pavel V"]
[Black "Patel, Maahir M"]
[Result "1-0"]
[WhiteElo "2555"]
[BlackElo "2082"]
[PlyCount "71"]
[EventDate "2025.03.25"]
[EventType "swiss (blitz)"]
[EventRounds "11"]
[EventCountry "USA"]
[SourceTitle "CB14_2025"]
[SourceDate "2024.11.01"]
[SourceVersion "1"]
[SourceVersionDate "2024.11.01"]
[SourceQuality "1"]

1. e4 e5 2. Nf3 Nc6 3. Bb5 a6 4. Ba4 Nf6 5. d4 exd4 6. 0-0 Be7 7. e5 Nd5 8. Nxd4 0-0 9. Nf5 Nb6 10. Bb3 Nxe5 11. Nxe7+ Qxe7 12. Re1 Qf6 13. Nc3 d6 14. f4 Nc6 15. Be3 Bf5 16. Bxb6 cxb6 17. Nd5 Qxb2 18. Nxb6 Rad8 19. Rb1 Qd4+ 20. Qxd4 Nxd4 21. Nd5 b5 22. Rbd1 Nc6 23. c4 Be6 24. cxb5 axb5 25. Nc7 Bxb3 26. axb3 b4 27. Re4 Rd7 28. Nd5 Rb8 29. Rc1 Na5 30. Rxb4 Re8 31. Rb5 Nb7 32. Nc7 Rb8 33. Rc6 g6 34. Nd5 Rdd8 35. Rcb6 Rd7 36. Nf6+ 1-0

[Event "Titled Tuesday intern op 25th Mar Early"]
[Site "Chess.com INT"]
[Date "2025.03.25"]
[Round "8"]
[White "Tregubov, Pavel V"]
[Black "Wernberg, Hugo"]
[Result "1-0"]
[WhiteElo "2555"]
[BlackElo "2233"]
[PlyCount "65"]
[EventDate "2025.03.25"]
[EventType "swiss (blitz)"]
[EventRounds "11"]
[EventCountry "USA"]
[SourceTitle "CB14_2025"]
[SourceDate "2024.11.01"]
[SourceVersion "1"]
[SourceVersionDate "2024.11.01"]
[SourceQuality "1"]

1. e4 c5 2. Nf3 Nc6 3. Bb5 Nf6 4. 0-0 Nxe4 5. Re1 Nf6 6. d4 cxd4 7. Nxd4 Nxd4 8. Qxd4 a6 9. Bf1 d5 10. c4 dxc4 11. Qxd8+ Kxd8 12. Bxc4 e6 13. Bf4 b5 14. Bb3 Bb7 15. a4 Bb4 16. Nc3 Ke7 17. Bg5 Rhc8 18. Rec1 h6 19. Bxf6+ Kxf6 20. axb5 Bxc3 21. bxa6 Bxb2 22. axb7 Rxc1+ 23. Rxc1 Rb8 24. Rc7 Be5 25. Rd7 g6 26. g3 Kg7 27. Bxe6 Kf6 28. Bxf7 Rf8 29. Bc4 Bb8 30. Kg2 Re8 31. Rf7+ Ke5 32. Bd3 Re6 33. Rf8 1-0

[Event "Bundesliga 2425"]
[Site "Germany"]
[Date "2025.03.23"]
[Round "11.1"]
[White "Maghsoodloo, Parham"]
[Black "Tregubov, Pavel V"]
[Result "1-0"]
[WhiteElo "2723"]
[BlackElo "2554"]
[PlyCount "47"]
[EventDate "2024.09.28"]
[EventType "team-tourn"]
[EventRounds "15"]
[EventCountry "GER"]
[SourceTitle "CB13_2025"]
[SourceDate "2025.03.26"]
[SourceVersion "1"]
[SourceVersionDate "2025.03.26"]
[SourceQuality "1"]
[WhiteTeam "Viernheim"]
[BlackTeam "Muelheim Nord"]
[WhiteTeamCountry "GER"]
[BlackTeamCountry "GER"]

1. c4 e5 2. Nc3 Nf6 3. Nf3 Nc6 4. e3 d5 5. cxd5 Nxd5 6. Bb5 Nxc3 7. bxc3 Bd6 8. d4 Bd7 9. 0-0 0-0 10. Nd2 Re8 11. Bd3 h6 12. Ne4 Bf8 13. Ng3 Be6 14. Rb1 Rb8 15. f4 exd4 16. exd4 Na5 17. f5 Bc4 18. Bf4 b5 19. Nh5 f6 20. Rf3 Kh8 21. Rh3 Qe7 22. Nxg7 Bxg7 23. Bxh6 Bg8 24. Bg5+ 1-0

[Event "Titled Tuesday intern op 18th Mar Late"]
[Site "Chess.com INT"]
[Date "2025.03.18"]
[Round "7"]
[White "Pakleza, Zbigniew"]
[Black "Tregubov, Pavel V"]
[Result "0-1"]
[WhiteElo "2485"]
[BlackElo "2555"]
[PlyCount "98"]
[EventDate "2025.03.18"]
[EventType "swiss (blitz)"]
[EventRounds "11"]
[EventCountry "USA"]
[SourceTitle "CB13_2025"]
[SourceDate "2025.03.26"]
[SourceVersion "1"]
[SourceVersionDate "2025.03.26"]
[SourceQuality "1"]

1. d4 Nf6 2. Nf3 c5 3. c3 g6 4. Bf4 Bg7 5. e3 0-0 6. Be2 d6 7. 0-0 Nbd7 8. Nbd2 Nh5 9. Bg5 h6 10. Bh4 g5 11. Ne1 Nhf6 12. Bg3 b6 13. h4 Bb7 14. hxg5 hxg5 15. Bf3 d5 16. Be2 e6 17. Nef3 Ne4 18. Nxe4 dxe4 19. Nd2 f5 20. Bc4 Qe7 21. Re1 Rae8 22. Qh5 Bd5 23. Rad1 Qf6 24. Bd6 Rf7 25. dxc5 Nxc5 26. Bxc5 bxc5 27. Bxd5 exd5 28. Nb3 f4 29. exf4 Qxf4 30. Re2 d4 31. cxd4 cxd4 32. g3 Qf6 33. Rxd4 e3 34. f4 Qf5 35. Rc4 Qd3 36. Rcc2 gxf4 37. gxf4 Ref8 38. Rg2 Rxf4 39. Rce2 Rf1+ 40. Kh2 R1f5 41. Qg6 R8f7 42. Nc5 Qd5 43. Ne6 Qe5+ 44. Rg3 Rf2+ 45. Kh3 Rxe2 46. Ng5 Qf5+ 47. Qxf5 Rxf5 48. Kg4 Rff2 49. Kh5 Rh2+ 0-1